000 00589nam a2200205 a 4500
001 17320
003 CO-ViMGA
008 141112s2004 ck r 000 u spa d
020 _a01219731
040 _aCO-ViMGA
_bspa
_cCO-ViMGA
082 0 4 _a343.066 G84p 2002
245 1 0 _aGuía legis para la pequeña empresa 2002
260 _aBogotá,
_cLegis,
_c2002
300 _a204.p.
590 _aForma de adquisición : Premio - Mincultura
650 1 4 _aEMPRESAS - ASPECTOS JURIDICOS
_924641
650 1 4 _aEMPRESAS - LEGISLACION
_924642
650 1 4 _aSOCIEDADES - TIPOS
_948331
942 _2ddc
_cBK
999 _c447
_d447